000 01403naa a22003857a 4500
001 BR8002749
003 BR-BrBNA
005 20240918174557.0
007 ta
008 230509b bl.||||| |||| 00| 0 por d
040 _aBR-BrBNA
_bpor
_cBiblioteca Nacional de Agricultura
041 _a(En)
072 _aP05; E10
090 _aP05 BR8002749
100 1 _aSerra, C.E.
100 1 _aCereda, M.P.
100 1 _aPinho, S.Z.
100 1 _aMeneguim, M.A.
100 1 _aMarino, E.A.
100 1 _aFerreira, L.I.
100 1 _aBethiol, A.E.
111 1 _a4. International Symposium on Alcohol Fuels Technology
_cGuaruja, SP (Brazil)
_d5 Oct 1980
245 1 _aMicrobiological control of ethanol fermentation in industrial scale [Etanol; Microbiologia industrial; Fermentacao]
260 3 _aSao Paulo, SP (Brasil):
_c1980.
500 _aProceedings of the 4. International Symposium on Alcohol Fuels Technology Sao Paulo, SP (Brasil): 1980. v. 3 p. 1051-1054 (BR8002749-AM)P05
650 _aRecurso energetico
650 _aMacroeconomia
650 _aEtanol
650 _aMicrobiologia industrial
650 _aDestilaria
650 _aFermentacao alcoolica
773 0 _tProceedings of the 4. International Symposium on Alcohol Fuels Technology
_wP05 BR8002749
_gSao Paulo, SP (Brasil), 1980. v. 3 p. 1051-1054
909 _a202404
_bLucia
_c55
_dLucia Elande
942 _cAM
_2AGRIS
999 _c312115
_d312115